| 000 | 00989nam a22002417a 4500 | ||
|---|---|---|---|
| 999 |
_c65415 _d65415 |
||
| 005 | 20240530110823.0 | ||
| 008 | 190725s2019 ua a g b 000 0 ara d | ||
| 017 |
_a2018/8958 _bمصر. دار الكتب |
||
| 020 | _a9789778122763 | ||
| 040 |
_aEG-CaGPL _cEG-CaGPL |
||
| 082 |
_221 _a953.07391/ _bق/ف ع |
||
| 100 | 0 | _aفيصل سيد طه حافظ | |
| 245 | 1 | 2 |
_aالعلم والثقافة فى خراسان فى العصر السلجوقى / _cفيصل سيد طه حافظ |
| 250 | _aط.1 | ||
| 260 |
_aالقاهرة : _bالمكتب العربى للمعارف، _c2019. |
||
| 300 |
_a593 ص. : _bايض ؛ _c24 سم. |
||
| 504 | _aيشتمل على ارجاعات ببليوجرافية | ||
| 650 | _2qrmak | ||
| 651 | 0 | 7 |
_2qrmak _aخراسان _xالاحوال الثقافية _yالعصر السلجوقى |
| 651 | 0 | 7 |
_2qrmak _aخراسان _xالاحوال العلمية _yالعصر السلجوقى |
| 942 |
_2ddc _cBK |
||